Psychiatric nursing : (Record no. 18116)
[ view plain ]
| 000 -LEADER | |
|---|---|
| fixed length control field | 00636nam a22002537a 4500 |
| 003 - CONTROL NUMBER IDENTIFIER | |
| control field | OSt |
| 005 - DATE AND TIME OF LATEST TRANSACTION | |
| control field | 20140310183001.0 |
| 008 - FIXED-LENGTH DATA ELEMENTS--GENERAL INFORMATION | |
| fixed length control field | 130208t xxu||||| |||| 00| 0 eng d |
| 020 ## - INTERNATIONAL STANDARD BOOK NUMBER | |
| International Standard Book Number | 9715131697 |
| 050 ## - LIBRARY OF CONGRESS CALL NUMBER | |
| Classification number | RC 440 |
| Item number | .C118 2002 |
| 100 ## - MAIN ENTRY--PERSONAL NAME | |
| Personal name | Caninidin, Eden E. |
| 245 ## - TITLE STATEMENT | |
| Title | Psychiatric nursing : |
| Statement of responsibility, etc | Cacanindin, Eden Esmas |
| Remainder of title | (student guide) / |
| 260 ## - PUBLICATION, DISTRIBUTION, ETC. (IMPRINT) | |
| Place of publication, distribution, etc | Manila : |
| Name of publisher, distributor, etc | Educational Publishing House, |
| Date of publication, distribution, etc | 2002. |
| 300 ## - PHYSICAL DESCRIPTION | |
| Extent | 230 p. : |
| Dimensions | 26 cm. |
| Other physical details | ill. ; |
| 521 ## - TARGET AUDIENCE NOTE | |
| Target audience note | |
| 562 ## - COPY AND VERSION IDENTIFICATION NOTE | |
| Number of copies | 6 |
| 942 ## - ADDED ENTRY ELEMENTS (KOHA) | |
| Source of classification or shelving scheme | Library of Congress Classification |
| Koha item type | Books |
| Call number prefix | Local |
| Withdrawn status | Lost status | Source of classification or shelving scheme | Damaged status | Home library | Current library | Shelving location | Date acquired | Source of acquisition | Total Checkouts | Full call number | Barcode | Date last seen | Copy number | Price effective from | Koha item type |
|---|---|---|---|---|---|---|---|---|---|---|---|---|---|---|---|
| Library of Congress Classification | Archives | Archives | 02/08/2013 | Donation | RC 440 .C118 2002 | C3846 | 05/15/2018 | 1 | 02/08/2013 | Books | |||||
| Library of Congress Classification | Archives | Archives | 10/28/2010 | Donation | RC 440 .C118 2002 | C11215 | 05/15/2018 | 2 | 10/10/2013 | Books | |||||
| Library of Congress Classification | Archives | Archives | 01/08/2014 | Donation | RC 440 .C118 2002 | C3847 | 05/15/2018 | 4 | 01/08/2014 | Books | |||||
| Library of Congress Classification | College Library | College Library | General Circulation Section | 01/08/2014 | RC 440 .C118 2002 | C4691 | 05/15/2018 | 3 | 01/08/2014 | Books | |||||
| Library of Congress Classification | College Library | College Library | General Circulation Section | 01/08/2014 | RC 440 .C118 2002 | C4689 | 05/15/2018 | 5 | 01/08/2014 | Books | |||||
| Library of Congress Classification | College Library | College Library | General Circulation Section | 01/08/2014 | RC 440 .C118 2002 | C4690 | 05/15/2018 | 6 | 01/08/2014 | Books |